JHCSC Library Logo Welcome to JHCSC LibraryWhere Every Page Begins a New Adventure.    Vision: A leading public higher education institution serving the ASEAN community through quality, innovative, and culture-sensitive programs.    Mission: To provide relevant and responsive programs in Agriculture, Education, and other fields aligned with its vision. It undertakes applied research, extension, and production services that yield practical and lasting solutions to sector-specific challenges, improving the socio-economic well-being of identified communities.

Seeley's anatomy & physiology laboratory manual / (Record no. 472)

MARC details
000 -LEADER
fixed length control field 01189cam a22003738i 4500
001 - CONTROL NUMBER
control field 20668849
003 - CONTROL NUMBER IDENTIFIER
control field jhsc
005 - DATE AND TIME OF LATEST TRANSACTION
control field 20210802012434.0
008 - FIXED-LENGTH DATA ELEMENTS--GENERAL INFORMATION
fixed length control field 180913s2020 nyu 001 0 eng
010 ## - LIBRARY OF CONGRESS CONTROL NUMBER
LC control number 2018044199
020 ## - INTERNATIONAL STANDARD BOOK NUMBER
International Standard Book Number 9781260399059 (alk. paper)
040 ## - CATALOGING SOURCE
Original cataloging agency DLC
Language of cataloging eng
Description conventions rda
Transcribing agency DLC
042 ## - AUTHENTICATION CODE
Authentication code pcc
050 00 - LIBRARY OF CONGRESS CALL NUMBER
Classification number QP34.5
Item number .S23 2020
082 00 - DEWEY DECIMAL CLASSIFICATION NUMBER
Classification number 612.0078
Edition number 23
100 1# - MAIN ENTRY--PERSONAL NAME
Personal name Wise, Eric,
Relator term author.
240 10 - UNIFORM TITLE
Uniform title Anatomy & physiology laboratory manual
245 10 - TITLE STATEMENT
Title Seeley's anatomy & physiology laboratory manual /
Statement of responsibility, etc. Eric Wise.
246 3# - VARYING FORM OF TITLE
Title proper/short title Seely's anatomy and physiology laboratory manual
246 3# - VARYING FORM OF TITLE
Title proper/short title Laboratory manual, anatomy & physiology
250 ## - EDITION STATEMENT
Edition statement Twelfth edition.
263 ## - PROJECTED PUBLICATION DATE
Projected publication date 1901
264 #1 - PRODUCTION, PUBLICATION, DISTRIBUTION, MANUFACTURE, AND COPYRIGHT NOTICE
Place of production, publication, distribution, manufacture New York, NY :
Name of producer, publisher, distributor, manufacturer McGraw-Hill Education,
Date of production, publication, distribution, manufacture, or copyright notice [2020]
300 ## - PHYSICAL DESCRIPTION
Extent pages cm
336 ## - CONTENT TYPE
Content type term text
Content type code txt
Source rdacontent
337 ## - MEDIA TYPE
Media type term unmediated
Media type code n
Source rdamedia
338 ## - CARRIER TYPE
Carrier type term volume
Carrier type code nc
Source rdacarrier
500 ## - GENERAL NOTE
General note Includes index.
650 #0 - SUBJECT ADDED ENTRY--TOPICAL TERM
Topical term or geographic name entry element Human anatomy
Form subdivision Laboratory manuals.
650 #0 - SUBJECT ADDED ENTRY--TOPICAL TERM
Topical term or geographic name entry element Human physiology
Form subdivision Laboratory manuals.
906 ## - LOCAL DATA ELEMENT F, LDF (RLIN)
a 7
b cbc
c orignew
d 1
e ecip
f 20
g y-gencatlg
942 ## - ADDED ENTRY ELEMENTS (KOHA)
Source of classification or shelving scheme Dewey Decimal Classification
Koha item type Book
Holdings
Withdrawn status Lost status Source of classification or shelving scheme Damaged status Not for loan Home library Current library Date acquired Total Checkouts Full call number Barcode Date last seen Price effective from Koha item type
    Dewey Decimal Classification     JHCSC - Pagadian Annex Campus Library JHCSC - Pagadian Annex Campus Library 08/02/2021   612 Se35 2013 2019-048 08/02/2021 08/02/2021 Book
    Dewey Decimal Classification     JHCSC - Pagadian Annex Campus Library JHCSC - Pagadian Annex Campus Library 08/02/2021   612 Se35 2013 2019-050 08/02/2021 08/02/2021 Book
    Dewey Decimal Classification     JHCSC - Pagadian Annex Campus Library JHCSC - Pagadian Annex Campus Library 08/02/2021   612 Se35 2013 2019-049 08/02/2021 08/02/2021 Book
    Dewey Decimal Classification     JHCSC - Pagadian Annex Campus Library JHCSC - Pagadian Annex Campus Library 08/02/2021   612 Se35 2019 2020-634 08/02/2021 08/02/2021 Book
    Dewey Decimal Classification     JHCSC - Pagadian Annex Campus Library JHCSC - Pagadian Annex Campus Library 08/02/2021   612 Se35 2019 2020-635 08/02/2021 08/02/2021 Book
    Dewey Decimal Classification     JHCSC - Pagadian Annex Campus Library JHCSC - Pagadian Annex Campus Library 08/02/2021   612 Se35 2019 2020-633 08/02/2021 08/02/2021 Book
© J.H. Cerilles State College | All Rights Reserved
Designed by Terhevic L. Bation & Gerald Biad, Library IT Staff